LEADER 01063nam0-22003131i-450- 001 990007995840403321 005 20050131143455.0 020 $aIT$b727008 035 $a000799584 035 $aFED01000799584 035 $a(Aleph)000799584FED01 035 $a000799584 100 $a20050131d1971----km-y0itay50------ba 101 0 $aita 102 $aIT 105 $ay---n---001yy 200 1 $a<>assicurazione obbligatoria della responsabilita civile da circolazione a veicoli a motore nel quadro della sicurezza sociale$fCarlo Lega 210 $aMilano$cA. Giuffre$d1971 215 $a76 p.$d25 cm 225 1 $a<>quaderni de La rivista italiana di previdenza sociale$v48 676 $a368$v21$zita 700 1$aLega,$bCarlo$0227483 801 0$aIT$bUNINA$gRICA$2UNIMARC 901 $aBK 912 $a990007995840403321 952 $aVII F 205 (48)$b108825$fFGBC 959 $aFGBC 996 $aAssicurazione obbligatoria della responsabilita civile da circolazione a veicoli a motore nel quadro della sicurezza sociale$9750246 997 $aUNINA LEADER 01033nam0-2200361---450- 001 990009567560403321 005 20140319114318.0 010 $a2902126190 035 $a000956756 035 $aFED01000956756 035 $a(Aleph)000956756FED01 035 $a000956756 100 $a20120507d1997----km-y0itay50------ba 101 0 $afre 102 $aFR 105 $ay-------001yy 200 1 $aCondorcet$ehomme des Lumières et de la Révolution$ftextes réunis par Anne-Marie Chouillet et Pierre Crépel 210 $aFontenay-aux-Roses$cENS$d1997 215 $a310 p.$cill.$d25 cm 225 1 $aTheoria 610 0 $aCondorcet, Marie Jean Antoine Nicolas de Caritat de, 1743-1794 676 $a194 676 $a321.094 676 $a944.04092 702 1$aChouillet,$bAnne-Marie 702 1$aCrepel,$bPierre 801 0$aIT$bUNINA$gRICA$2UNIMARC 901 $aBK 912 $a990009567560403321 952 $a321.094 CHO 1$bD.D.S. 13331$fFLFBC 959 $aFLFBC 996 $aCondorcet$9847447 997 $aUNINA LEADER 01657oam 2200469M 450 001 9910716369603321 005 20200213070557.8 035 $a(CKB)5470000002520437 035 $a(OCoLC)1065915481 035 $a(OCoLC)995470000002520437 035 $a(EXLCZ)995470000002520437 100 $a20071213d1926 ua 0 101 0 $aeng 135 $aurcn||||||||| 181 $ctxt$2rdacontent 182 $cc$2rdamedia 183 $acr$2rdacarrier 200 10$aProvide home care for dependent children in the District of Columbia. March 27, 1926. -- Ordered to be printed 210 1$a[Washington, D.C.] :$c[U.S. Government Printing Office],$d1926. 215 $a1 online resource (5 pages) 225 1 $aSenate report / 69th Congress, 1st session. Senate ;$vno. 491 225 1 $a[United States congressional serial set ] ;$v[serial no. 8525] 300 $aBatch processed record: Metadata reviewed, not verified. Some fields updated by batch processes. 300 $aFDLP item number not assigned. 606 $aChild welfare 606 $aLegislative amendments 606 $aPoor children 608 $aLegislative materials.$2lcgft 615 0$aChild welfare. 615 0$aLegislative amendments. 615 0$aPoor children. 701 $aCapper$b Arthur$f1865-1951$pRepublican (KS)$01386839 801 0$bWYU 801 1$bWYU 801 2$bOCLCO 801 2$bOCLCQ 801 2$bOCLCO 801 2$bOCLCQ 906 $aBOOK 912 $a9910716369603321 996 $aProvide home care for dependent children in the District of Columbia. March 27, 1926. -- Ordered to be printed$93510540 997 $aUNINA